| 000 | 00725nam a2200253 a 4500 | ||
|---|---|---|---|
| 008 | |||
| 020 | _a1403948372 (pbk.) | ||
| 049 | 0 | _aMAIN | |
| 090 |
_aHG3881 _bPIL |
||
| 100 | 1 | _aPilbeam, Keith. | |
| 245 | 1 | 0 |
_aInternational finance / _cKeith Pilbeam. |
| 260 |
_aHoundsmills : _bMacmillan, _c2006. |
||
| 300 |
_axxvi, 497 p. : _bill. ; _c24 cm. |
||
| 500 | _aIncludes index. | ||
| 504 | _aIncludes bibliographical references. | ||
| 650 | _aMonetary economics | ||
| 650 | _aInternational economics. | ||
| 650 | _aInternational finance. | ||
| 907 |
_a.b10301781 _b14-10-11 _c14-10-11 |
||
| 003 | |||
| 005 | 20230123125331.0 | ||
| 040 | _cNUST | ||
| 942 |
_cBOOKS _kHG3881 _mPIL |
||
| 999 |
_c139728 _d139728 |
||